| 000 | 00587nam a22002057a 4500 | ||
|---|---|---|---|
| 003 | BD-DhUL | ||
| 005 | 20170212115029.0 | ||
| 008 | 170212s1961 n ||||| |||| 001 0 eng d | ||
| 040 |
_aBD-DhUL _cBD-DhUL |
||
| 082 |
_a150 _bGAG |
||
| 100 | _aGarrett, Henry E. | ||
| 245 | 1 | 0 |
_aGeneral Psychology : _cHenry E. Garrett, _b with the assistance of Hubert Bonner / |
| 250 | _a2nd | ||
| 260 |
_aNew York : _bAmerican Book Company, _c1961. |
||
| 300 |
_axii, 649 p. : _c24 cm. _b ill. ; |
||
| 500 | _aIncludes index | ||
| 650 | 4 | _aPsychology. | |
| 650 | 4 | _aManagement. | |
| 942 |
_2ddc _cBK |
||
| 999 |
_c156934 _d156934 |
||